=LDR 00000nam 2200000 4500 =001 INLIS000000000057147 =005 20201216084317 =035 ##$$a 0010-1220000048 =007 ta =008 201216################g##########0#ind## =020 ##$$a 979-442-295-9 =082 ##$$a 331.21 =084 ##$$a 331.21 SUD r =100 1#$$a Sudibjo, Djoko =245 1#$$a Rumus sundulan DS : $b Solusi imbal jasa berbasis UMP/UMKK /$c FX Djoko Sudibjo =250 ##$$a cet.1 =260 ##$$a Jakarta :$b PPM,$c 2010 =300 ##$$a xvi, 192 hlm ; $c 21x14 cm =600 #4$$a Rumus-Imbal jasa =990 ##$$a 1201102093